[Event "8th Altibox Norway Chess 2020"]
[Site "Stavanger"]
[Date "2020.10.05"]
[Round "1"]
[White "Aronian, Levon"]
[Black "Carlsen, Magnus"]
[Result "0-1"]
[WhiteElo "2767"]
[BlackElo "2863"]
[Annotator "TA"]
[PlyCount "74"]
[EventDate "2020.10.05"]
[EventType "tourn"]
[EventCountry "NOR"]
[SourceTitle "playchess.com"]
[Source "ChessBase"]
[SourceQuality "1"]

{[%evp 9,74,27,29,18,37,14,3,0,31,43,61,20,35,0,9,0,97,0,-1,4,0,0,6,0,-13,-17,0,0,101,0,31,39,33,33,25,24,18,23,28,22,46,0,0,0,7,0,0,0,0,0,0,0,0,-13,0,0,0,0,0,0,0,0,0,-14,0,-29989,-29990]} 1. d4 Nf6 2. c4 e6 3. Nf3 d5 4. Nc3 a6 5. cxd5 exd5 6. Bg5 {D37: Queen's Gambit Declined: 5 Bf4.} Be6 7. Bxf6 (7. e3 Nbd7 8. Bd3 Bd6 9. Bf4 Qe7 10. O-O O-O 11. h3 Rfe8 12. Qc2 {½-½ (12) Aronian,L (2805)-Carlsen,M (2837) Riadh 2017}) 7... Qxf6 8. Qb3 {The position is equal.} b6 $5 {[%mdl 4] Exploring less charted territory.} 9. g3 ({But not} 9. Nxd5 Qd8 $17) 9... Qd8 {[#]} 10. h4 $146 ({Predecessor:} 10. Ne5 Bd6 11. Qa4+ Nd7 12. Qc6 Bxe5 13. dxe5 O-O 14. f4 d4 15. Ne4 Nc5 16. Bg2 Nxe4 17. Bxe4 {½-½ (52) Sarkar,J (2373)-Nestorovic,N (2469) New York 2020}) 10... Be7 11. Bh3 O-O 12. O-O-O Bxh3 (12... c6 $11 {remains equal.}) 13. Rxh3 ({Better is} 13. Qxd5 $16 Nd7 14. Rxh3) 13... c6 $11 14. e4 dxe4 15. Nxe4 Nd7 16. Qc2 Nf6 17. Ne5 Nxe4 18. Qxe4 Bf6 (18... Rc8 $11) 19. g4 (19. Nxc6 $16 Rc8 20. Rhh1) 19... Re8 20. g5 Bxe5 21. dxe5 Qe7 22. f4 Rad8 23. Rhd3 Rxd3 24. Qxd3 {[%mdl 4096] Endgame KQR-KQR} Qe6 25. b3 Qg4 26. Qe4 g6 27. Rd2 c5 28. Qc6 Rf8 29. Qf6 Qxh4 30. Kc2 {[#] Hoping for e6.} Qe1 31. Qc6 Qe3 32. Qf6 b5 33. Rd3 Qe2+ 34. Rd2 Qe4+ 35. Kb2 c4 {White must now prevent ...c3+!} 36. bxc4 bxc4 {( -> ...c3+!)} 37. Ka3 $2 {[%mdl 8192] [#]} (37. Rd8 $11) 37... Qe3+ {[%mdl 64] Double Attack. Accuracy: White = 76%, Black = 85%.} 0-1

[Event "8th Altibox Norway Chess 2020"]
[Site "Stavanger"]
[Date "2020.10.05"]
[Round "1"]
[White "Aronian, Levon"]
[Black "Carlsen, Magnus"]
[Result "1/2-1/2"]
[WhiteElo "2767"]
[BlackElo "2863"]
[Annotator "TA RC"]
[PlyCount "60"]
[EventDate "2020.10.05"]
[EventType "tourn"]
[EventCountry "NOR"]
[SourceTitle "playchess.com"]
[Source "ChessBase"]
[SourceQuality "1"]

{[%evp 13,60,0,0,-2,15,5,16,14,2,14,20,0,2,-8,7,0,0,0,0,6,15,11,7,20,16,12,8,0,13,0,14,0,12,-12,-10,-14,0,-14,0,0,0,0,0,-7,0,0,0,-8,0]} 1. d4 Nf6 2. c4 e6 3. Nf3 d5 4. Nc3 Bb4 5. e3 O-O 6. Bd2 b6 7. cxd5 exd5 {The position is equal.} 8. Rc1 {E51: Nimzo-Indian: Rubinstein: 4...0-0 5 Nf3 d5.} Re8 9. Bd3 Ba6 10. Bxa6 Nxa6 {[%cal Bb8a6,Ba6c5,Bc5a4][%mdl 32]} 11. O-O Bf8 12. Ne2 Qc8 13. Qa4 c5 {[#]} 14. Ng3 $146 ({Predecessor:} 14. dxc5 Nxc5 15. Qc2 Qa6 16. Bc3 Nfe4 17. a3 Rac8 18. Rcd1 Na4 19. Rxd5 Naxc3 20. Nxc3 Nxc3 21. bxc3 Qxa3 {½-½ (54) Caruana,F (2835)-Carlsen,M (2863) chess24.com INT 2020}) 14... Qb7 15. dxc5 Nxc5 16. Qb5 Rac8 17. Rfd1 a6 18. Qf1 Nfe4 19. Be1 g6 20. Ne2 Na4 21. Rb1 Bg7 22. Nfd4 Nac5 23. Nf3 Ne6 24. Ned4 Nxd4 25. Nxd4 Rc4 26. b3 Rc7 27. Qd3 Nc5 28. Qd2 Ne4 29. Qd3 Nc5 30. Qd2 Ne4 {Not much happened in this game. Accuracy: White = 100%, Black = 100%.} 1/2-1/2

[Event "8th Altibox Norway Chess 2020"]
[Site "Stavanger"]
[Date "2020.10.06"]
[Round "1"]
[White "Duda, Jan-Krzysztof"]
[Black "Firouzja, Alireza"]
[Result "0-1"]
[WhiteElo "2757"]
[BlackElo "2728"]
[Annotator "TA"]
[PlyCount "104"]
[EventDate "2020.10.05"]
[EventType "tourn"]
[EventCountry "NOR"]
[SourceTitle "playchess.com"]
[Source "ChessBase"]
[SourceQuality "1"]

{[%evp 26,104,16,24,16,-22,0,0,0,0,39,0,29,-79,-53,-45,-25,-16,-17,-14,-17,-76,-64,-97,-97,-97,-95,-87,-93,-91,-104,-110,-112,-139,-145,-130,-142,-121,-109,-154,-122,-114,-121,-114,-121,-115,-105,-129,-18,-12,-10,-22,-16,-16,-25,-33,0,0,0,0,0,0,0,-29,-20,-34,0,-186,-226,-289,-226,-963,-869,-2502,-2033,-1212,-1114,-29987,-629,-29989,-29990]} 1. e4 c6 2. d4 d5 3. Nc3 dxe4 4. Nxe4 Bf5 5. Ng3 Bg6 6. h4 h6 7. Nf3 Nd7 8. h5 Bh7 9. Bd3 Bxd3 10. Qxd3 e6 11. Bd2 Ngf6 12. O-O-O Be7 13. Kb1 O-O 14. Ne4 c5 {B19: Classical Caro-Kann: 4...Bf5 main line.} 15. Be3 {[%cal Re4c5]} Nxe4 16. Qxe4 Nf6 {The position is equal.} 17. Qxb7 Nd5 (17... Rb8 $5 {[%cal Rb8b7]} 18. Qa6 (18. Qxa7 $2 Ra8 $19) 18... Qc7 $11) 18. Qa6 Rb8 19. Bd2 (19. dxc5 $11 Nc3+ 20. Kc1 Nxd1 21. Rxd1) 19... cxd4 20. Nxd4 Bf6 21. Nb3 ({But not} 21. Qxa7 $2 Qc8 $19) 21... Qc7 22. Rhe1 Rfc8 $40 {[%mdl 128] White needs to defend precisely.} 23. Rc1 {[#]} (23. Qd3 $11) 23... Nb6 $1 $17 {[%cal Rb6c4]} 24. Re4 {[#]} Nc4 $146 ({Predecessor:} 24... Qc6 25. Rb4 Qxg2 26. Qxa7 Qxf2 27. a4 Bxb2 28. Rf4 Qe2 29. Re1 Qg2 30. Qxf7+ Kh8 31. Rxe6 Nd5 32. Rg6 Qxd2 {0-1 (32) Beliavsky,A (2652)-Gyimesi,Z (2580) Bled 2002}) 25. Bf4 {[#]} Qb6 $1 {[%cal Rb6a6]} 26. Qxb6 Rxb6 27. Be3 Rb4 28. f3 {c3 would now be nice for White.} a5 29. Rxc4 Rcxc4 30. Bd2 Rb5 {...a4 is the strong threat.} 31. Bxa5 Rxh5 32. Rg1 Rb5 33. Bd2 h5 34. c3 g5 35. Kc2 g4 36. Nc1 g3 ({Black should play} 36... gxf3 $17 37. gxf3+ Kf8) 37. b3 $11 Rc8 38. a4 Rf5 39. Ne2 h4 40. c4 e5 (40... Kf8 {with more complications.} 41. Rh1 Ke8 42. Nc3 Be7 43. Ne4 Ra8) 41. Be3 Bg5 42. Bxg5 Rxg5 {[%mdl 4096] Endgame KRR-KRN} 43. Rh1 Rh5 44. Kc3 f5 45. b4 $1 f4 (45... h3 $5) 46. a5 $2 (46. Ng1 $11) 46... h3 $1 $19 47. gxh3 {[#]} e4 $1 {[%mdl 512]} 48. fxe4 $2 (48. Rf1 g2 49. Rf2 exf3 50. Ng1) 48... g2 49. Rg1 Rxh3+ 50. Kd4 f3 51. c5 Kf7 (51... Rh1 $142 52. Kc3 Rxg1 53. Nf4 Rc1+ 54. Kd4 g1=Q+ 55. Kd5 Qg5+ 56. Ke6 Qxf4 57. Kd5 Qf6 58. e5 Rd8+ 59. Ke4 Re1#) 52. Nf4 {[#]} f2 $1 {[%mdl 512] Accuracy: White = 51%, Black = 70%.} 0-1

[Event "8th Altibox Norway Chess 2020"]
[Site "Stavanger"]
[Date "2020.10.06"]
[Round "1"]
[White "Tari, Aryan"]
[Black "Caruana, Fabiano"]
[Result "0-1"]
[WhiteElo "2633"]
[BlackElo "2828"]
[Annotator "TA"]
[PlyCount "110"]
[EventDate "2020.10.05"]
[EventType "tourn"]
[EventCountry "NOR"]
[SourceTitle "playchess.com"]
[Source "ChessBase"]
[SourceQuality "1"]

{[%evp 24,110,58,37,59,60,59,63,74,54,35,31,43,38,55,19,31,22,19,2,18,14,6,0,27,0,37,25,41,44,72,81,75,80,67,0,0,0,29,0,0,0,0,-14,-22,-11,-25,-27,-48,-139,-169,-143,-145,-157,-146,-236,-250,-259,-246,-311,-244,-298,-230,-313,-308,-377,-354,-387,-384,-314,-345,-481,-461,-526,-517,-625,-618,-733,-714,-4690,-4427,-1562,-1388,-29977,-29978,-29976,-29976,-29981,-29979]} 1. e4 c5 2. Nf3 e6 3. d4 cxd4 4. Nxd4 Nc6 5. Nc3 Qc7 6. g3 a6 7. Bg2 Nf6 8. O-O Nxd4 9. Qxd4 Bc5 10. Bf4 d6 11. Qd2 h6 12. Rad1 e5 13. Be3 Bxe3 {B47: Sicilian: Taimanov: 5 Nc3 Qc7 6 f4, 6 g3 and 6 Be2.} 14. fxe3 Be6 15. Qxd6 Rc8 {[#] White is slightly better.} 16. a4 $146 ({Predecessor:} 16. Qxc7 Rxc7 17. Rd2 Ke7 18. Nd5+ Bxd5 19. exd5 Kd6 20. c3 Rc4 21. Rdf2 e4 22. Rd1 {1-0 (58) Bogut,Z (2285)-Zulj,L Medulin 1997}) 16... h5 17. h3 Qxd6 18. Rxd6 Nd7 19. h4 Ke7 20. Rd2 Nb6 21. Nd5+ Bxd5 $1 22. exd5 {Threatens to win with d6+.} Nc4 23. Re2 Nd6 24. e4 a5 25. Ra1 Rc4 26. c3 f6 27. Re3 Rhc8 28. Kf2 g5 29. Bf3 g4 30. Bg2 R4c5 31. Bf1 f5 32. exf5 Rxd5 33. Rd3 Rcc5 34. Rad1 Rxd3 35. Bxd3 $11 {[%mdl 4096] Endgame KRB-KRN} e4 36. Be2 {White is now going downhill.} ({Better is} 36. Bc2 $15 Rxf5+ 37. Kg2) 36... Nxf5 $17 37. Bb5 {[#]} Nd6 $1 38. Be2 {[#]} Ke6 $1 39. Rc1 (39. Rd4 $17 {might work better.}) 39... Ke5 40. Rd1 Rc7 41. Kg2 b6 42. Ba6 Rf7 43. Be2 Rf8 44. Rb1 Nf5 45. b4 Ne3+ 46. Kg1 Nd5 47. Rb3 Rc8 48. bxa5 bxa5 49. c4 Nb4 50. Rb1 {White hopes to continue with Rd1.} Kd4 51. Bf1 Nd3 52. Rb5 Rc5 53. Bxd3 exd3 {Black mates.} 54. Kf2 Kxc4 55. Rb1 Re5 {Accuracy: White = 49%, Black = 92%.} 0-1

[Event "8th Altibox Norway Chess 2020"]
[Site "Stavanger"]
[Date "2020.10.06"]
[Round "2"]
[White "Carlsen, Magnus"]
[Black "Firouzja, Alireza"]
[Result "1/2-1/2"]
[WhiteElo "2863"]
[BlackElo "2728"]
[Annotator "TA"]
[PlyCount "103"]
[EventDate "2020.10.05"]
[EventType "tourn"]
[EventCountry "NOR"]
[SourceTitle "playchess.com"]
[Source "ChessBase"]
[SourceQuality "1"]

{[%evp 15,103,16,21,14,13,9,8,0,21,20,18,19,19,19,24,-6,21,30,27,28,22,16,15,15,15,11,20,28,33,17,22,22,26,21,39,31,22,11,16,12,12,12,14,12,21,17,32,36,47,48,56,48,76,66,107,14,12,0,0,-14,0,-8,0,0,0,0,0,-2,0,0,0,0,0,0,0,0,0,0,0,0,0,0,0,0,0,0,0,0,0,0]} 1. d4 Nf6 2. c4 e6 3. Nc3 d5 4. cxd5 exd5 5. Bg5 c6 6. e3 h6 7. Bh4 Be7 8. Bd3 O-O 9. Nge2 {D35: Queen's Gambit Declined: Exchange Variation.} Re8 10. O-O Nbd7 11. f3 b5 12. Bf2 {[#]} Bb7 $146 ({Predecessor:} 12... Nb6 13. b3 a5 14. Rc1 Bb7 15. Ng3 b4 16. Nce2 Nbd7 17. h3 c5 18. Nf5 Bf8 19. dxc5 Bxc5 {1-0 (40) Rodshtein,M (2685)-Eljanov,P (2655) Netanya 2019}) 13. Ng3 b4 14. Na4 c5 15. Nf5 Bf8 (15... c4 $5 {[%cal Rc4d3]} 16. Nxe7+ Qxe7 $11) 16. Nxc5 Nxc5 17. dxc5 Bxc5 18. Rc1 Qb6 19. Qa4 Bc8 20. Nd4 Bd7 21. Qa6 Re7 22. Rfd1 (22. Rfe1 {seems wilder.} Rae8 23. Red1 Re5 24. Rc2 h5 25. Bf1) 22... Ne8 23. Qxb6 axb6 24. Bb1 Ba4 25. b3 Bd7 26. Ne2 Nc7 27. Rd2 Bc6 28. Nd4 $36 {[%mdl 2048] White has some pressure.} Bb7 29. g4 Ne6 30. Nf5 {[#] Rxc5 is the strong threat.} Rc7 31. h4 Rac8 32. Rcd1 Bf8 33. Bg3 Rc3 {[#]} 34. Kf2 $1 Bc5 35. Bd3 (35. Bd6 $16) 35... d4 $11 {The position is equal.} 36. e4 Ra8 37. Bc4 Rc2 38. Bd3 Rcxa2 39. Be5 Rxd2+ 40. Rxd2 Ra5 41. Kg3 Ba6 42. Bxa6 Rxa6 43. Nxd4 Bxd4 44. Bxd4 {[%mdl 4096] Endgame KRB-KRN} Ra3 45. Rd3 Nxd4 46. Rxd4 Rxb3 {KR-KR} 47. Rd8+ Kh7 48. h5 Ra3 49. Rd4 Ra4 50. e5 Ra5 51. Rxb4 Rxe5 52. Rxb6 {Accuracy: White = 93%, Black = 92%.} 1/2-1/2

[Event "8th Altibox Norway Chess 2020"]
[Site "Stavanger"]
[Date "2020.10.06"]
[Round "2"]
[White "Carlsen, Magnus"]
[Black "Firouzja, Alireza"]
[Result "1-0"]
[WhiteElo "2863"]
[BlackElo "2728"]
[Annotator "TA"]
[PlyCount "93"]
[EventDate "2020.10.05"]
[EventType "tourn"]
[EventCountry "NOR"]
[SourceTitle "playchess.com"]
[Source "ChessBase"]
[SourceQuality "1"]

{[%evp 18,93,14,10,12,22,15,0,16,5,15,-67,-27,-76,-61,-70,-53,-83,-83,-83,-70,-113,-120,-155,-136,-167,-181,-164,-155,-228,-218,-220,-210,-213,-201,-222,-154,-213,-172,-185,-185,-231,-229,-227,-204,-182,-29,-30,-27,-31,0,0,0,0,0,0,0,0,0,0,0,0,0,-51,-58,-214,-212,-259,0,0,0,0,0,0,0,0,8,8]} 1. d4 Nf6 2. c4 e6 3. Nc3 d5 4. cxd5 exd5 5. Bg5 c6 6. e3 h6 7. Bh4 Be7 8. Qc2 O-O 9. Nf3 Re8 10. Bd3 Ne4 {D36: Queen's Gambit Declined: Exchange Variation: Main line (5 Bg5 c6 6 Qc2).} 11. Bxe7 Qxe7 12. Bxe4 dxe4 13. Nd2 {[%cal Rc2e4]} f5 14. O-O-O $5 {[%mdl 4] An interesting side line.} ({Better is} 14. O-O $11) 14... Nd7 15. g4 {[#]} fxg4 $146 ({Predecessor:} 15... Nf6 16. gxf5 Bxf5 17. f4 Rac8 18. Kb1 c5 19. Nb3 c4 20. Nc1 a6 21. Rhg1 b5 {1-0 (33) Cazzaniga,W (2139)-Cocconcelli,L (2012) Milan 2013}) 16. Ndxe4 Nb6 17. Ng3 Be6 18. Kb1 Rf8 19. e4 Rad8 20. Rhe1 Qf6 21. f4 gxf3 {...f2 is the strong threat.} ({Weaker is} 21... Rxd4 22. f5 $11) ({Don't do} 21... Qxf4 22. Ka1 $17) 22. Qf2 Nc4 23. Rg1 (23. b3 $17 Nb6 24. Rd3) 23... Qh4 $1 $19 24. b3 Nd6 $1 25. Kb2 Rf7 26. Rd2 Rdf8 27. Re1 (27. e5 $17 {was worth a try.} Ne8 28. Nge4 Qxf2 29. Rxf2) 27... Kh8 28. Rd3 Rf4 29. e5 Nf5 30. Nce4 Bd5 {[%cal Rd5e4]} 31. Rxf3 Nxg3 $2 (31... Rxf3 $19 32. Qxf3 Qxh2+ 33. Re2 Qxg3 $1 {[%mdl 512]} 34. Qxf5 Rxf5 35. Nxg3 Rf3) 32. hxg3 $11 Rxf3 33. Qxf3 Rxf3 (33... Qh2+ {feels hotter.} 34. Qe2 Qxe2+ 35. Rxe2 Bxe4 36. Rxe4 Kg8) 34. gxh4 Bxe4 35. Rxe4 $19 {[%mdl 4096] Endgame KR-KR} Kg8 36. Ka3 Kf7 37. Kb4 h5 38. a4 Ke6 39. a5 Rg3 {Hoping for ...Rg4.} 40. a6 (40. Kc4 $11) 40... b6 $15 {Threatens to win with ...Rg4.} 41. Kc4 $2 (41. Rf4 $1 $15) 41... Rg4 $19 42. Kd3 {[#] next Rxg4 is good for White.} Rg3+ $2 ({Black should play} 42... c5 $1 $19 43. dxc5 bxc5) 43. Re3 {The position is equal.} Rg4 44. Rf3 c5 45. dxc5 bxc5 46. Rf8 $1 Kxe5 47. Rf7 {[%mdl 32768] Accuracy: White = 58%, Black = 79%. . Loss on time!?} 1-0

[Event "8th Altibox Norway Chess 2020"]
[Site "Stavanger"]
[Date "2020.10.06"]
[Round "2"]
[White "Aronian, Levon"]
[Black "Tari, Aryan"]
[Result "1-0"]
[WhiteElo "2767"]
[BlackElo "2633"]
[Annotator "TA"]
[PlyCount "95"]
[EventDate "2020.10.05"]
[EventType "tourn"]
[EventCountry "NOR"]
[SourceTitle "playchess.com"]
[Source "ChessBase"]
[SourceQuality "1"]

{[%evp 24,95,48,16,11,10,42,43,50,41,42,40,59,64,53,5,16,0,14,24,29,25,64,35,48,36,49,47,55,47,27,46,183,172,170,132,140,133,162,159,150,155,210,213,229,228,228,228,251,229,280,273,278,260,327,309,312,295,508,508,497,497,378,356,581,578,569,569,1405,1358,1059,1008,2200,1657]} 1. e4 e5 2. Nf3 Nc6 3. Bb5 a6 4. Ba4 Nf6 5. O-O Be7 6. Re1 b5 7. Bb3 O-O 8. c3 d5 9. exd5 Nxd5 10. Nxe5 Nxe5 11. Rxe5 c6 12. Re1 Bd6 13. g3 Bf5 {C89: Closed Ruy Lopez: Marshall Attack.} 14. d4 Qf6 15. Be3 Qg6 {White is slightly better.} 16. Nd2 Rae8 17. Qf3 {[#]} Bg4 $146 ({Predecessor:} 17... h5 18. a4 b4 19. Bxd5 cxd5 20. Qxd5 bxc3 21. bxc3 h4 22. Qg2 hxg3 23. fxg3 Rc8 {1-0 (47) Fernandez Cardoso,A (2445)-Marrero Lopez,Y (2242) Matanzas 2017}) 18. Qg2 Qh5 19. h4 Be2 20. Nf1 Re6 21. Bd2 Rfe8 22. a4 Bf3 23. Rxe6 $1 Rxe6 24. Qh3 Bg4 25. Qh2 h6 26. axb5 axb5 27. Ne3 Bf3 {Black cannot hold the game after this.} ({Better is} 27... Nxe3 $1 $14 28. Bxe6 (28. fxe3 Re7 $11) (28. Bxe3 Re8 $14) 28... Bxe6 29. Bxe3 Qe2) 28. Qh3 $36 {[%mdl 2048] White is in control.} Be4 29. Qg4 Qxg4 30. Nxg4 f5 {[#]} 31. Ne5 $1 {[%mdl 512]} Bxe5 32. dxe5 Kf8 (32... Bf3 $16) 33. f4 $18 Re7 34. Bxd5 cxd5 {[%mdl 4096] Endgame KRB-KRB} 35. Be3 {[#] And now Bc5 would win.} Rc7 36. Ra5 Bd3 37. Bd4 Rc6 38. Kf2 h5 39. Ke3 Bc4 40. Ra3 Rg6 $2 (40... Bf1 41. Ra7 Kg8) 41. b3 Bf1 42. Bc5+ Ke8 43. Bb4 Bg2 $2 (43... d4+ 44. Kf2 Bd3 45. cxd4 Be4) 44. Kd4 {White is clearly winning.} Rc6 45. Ra7 g6 46. Re7+ Kd8 47. e6 Rc7 48. Rf7 {Accuracy: White = 93%, Black = 51%.} 1-0

[Event "8th Altibox Norway Chess 2020"]
[Site "Stavanger"]
[Date "2020.10.07"]
[Round "3"]
[White "Duda, Jan-Krzysztof"]
[Black "Aronian, Levon"]
[Result "0-1"]
[WhiteElo "2757"]
[BlackElo "2767"]
[Annotator "TA"]
[PlyCount "122"]
[EventDate "2020.10.05"]
[EventType "tourn"]
[EventCountry "NOR"]
[SourceTitle "playchess.com"]
[Source "ChessBase"]
[SourceQuality "1"]

{[%evp 21,122,0,0,0,0,-14,0,0,0,0,0,0,0,0,0,0,0,0,0,0,0,0,0,0,0,0,0,0,0,0,0,0,0,0,0,0,0,0,0,-8,-8,-8,-8,-8,-8,-8,-8,-15,-22,-22,-22,-36,-36,-36,-29,-29,-27,-21,-8,-8,-8,-8,-8,-8,-8,-10,-11,-42,-26,-117,-117,-117,-117,-129,-129,-527,-505,-502,-417,-594,-594,-579,-49,-29965,-29959,-29974,-29975,-29974,-29976,-29976,-29977,-29977,-29978,-29978,-29974,-29978,-29979,-29979,-29980,-29980,-29981,-29980,-29981]} 1. e4 e5 2. Nf3 Nc6 3. Nc3 Nf6 4. Bb5 Nd4 5. Nxd4 exd4 6. e5 dxc3 7. exf6 Qxf6 8. dxc3 Qe5+ 9. Qe2 Qxe2+ 10. Kxe2 c6 11. Bd3 d5 12. Re1 {C48: Four Knights: 4 Bb5, replies other than 4...Bb4.} Bd6 13. Bf4 Ke7 (13... Bxf4 $5 14. Kf3+ $8 Be6 15. Kxf4 Kd7 $11) 14. Kf3+ {The position is equal.} Be6 15. c4 dxc4 16. Bxc4 Bxf4 17. Kxf4 Rad8 {And now ...Rd4+ would win.} 18. Bxe6 fxe6 $11 {[%mdl 4096] Endgame KRR-KRR} 19. Re2 Rd4+ 20. Kg3 Rhd8 21. Rae1 R8d6 {[#]} 22. f4 $146 ({Predecessor:} 22. f3 Rd2 23. Kf2 Rxe2+ 24. Rxe2 Rd1 25. Re1 Rd2+ 26. Re2 Rd1 27. Re1 Rd2+ 28. Re2 Rd1 {½-½ (28) Bezgodov,A (2460)-Shirov,A (2652) Sochi 2018}) 22... Kf6 23. Kf3 h5 24. Re3 Rd2 25. R1e2 Rd1 26. g3 g6 27. Re5 b6 28. b3 c5 29. c4 a5 30. Kf2 R1d3 31. R5e3 Rxe3 32. Rxe3 {KR-KR} Rd2+ 33. Re2 Rd1 34. Kf3 a4 35. bxa4 Rc1 36. Re3 Rxc4 37. Ra3 Kf5 38. a5 bxa5 39. Rxa5 Rc3+ 40. Ke2 {[#]} h4 $1 {[%mdl 512]} 41. gxh4 Kxf4 42. Kd2 $1 {[%cal Rd2c3]} Rh3 {White should prevent ...e5.} 43. Rxc5 Rxh2+ 44. Ke1 e5 (44... Rxh4 45. Rc4+ Kg3 46. Rxh4 Kxh4 47. a4 Kg5 48. a5 Kf5 49. a6) 45. Rc4+ {Black keeps a firm grip on the game.} (45. Rc6 $1 $11) 45... e4 $1 $17 {Strongly threatening ...Kf3.} 46. Rc6 Kf3 $1 47. Rf6+ Ke3 {...Rh1+ is the strong threat.} 48. Kf1 $2 {[%mdl 8192]} (48. Kd1 $17 {was the crucial defense.}) 48... Rh1+ $19 49. Kg2 Rxh4 50. Rxg6 (50. a4 $142 Rh5 51. Rb6) 50... Ke2 $1 51. Kg3 {[#]} Rh7 $2 (51... Rh5 $1 $19 {[%cal Rh5e5] White must now prevent ...Re5.} 52. Re6 e3) 52. Rb6 $2 {[%mdl 8192]} (52. a4 $15) 52... e3 {Black mates.} 53. Rb2+ {[#]} Kd1 $1 54. Rb1+ Kc2 55. Ra1 Rf7 56. a4 e2 57. Kg2 Rf5 58. Ra2+ Kd3 59. Ra1 Ke3 60. Ra3+ Ke4 61. Ra1 Rd5 {Accuracy: White = 77%, Black = 93%.} 0-1

[Event "8th Altibox Norway Chess 2020"]
[Site "Stavanger"]
[Date "2020.10.08"]
[Round "3"]
[White "Firouzja, Alireza"]
[Black "Caruana, Fabiano"]
[Result "1-0"]
[WhiteElo "2728"]
[BlackElo "2828"]
[Annotator "TA"]
[PlyCount "145"]
[EventDate "2020.10.05"]
[EventType "tourn"]
[EventCountry "NOR"]
[SourceTitle "playchess.com"]
[Source "ChessBase"]
[SourceQuality "1"]

{[%evp 9,145,-4,0,-30,-18,-12,-20,-29,-27,-31,12,13,18,4,18,5,29,5,34,39,41,35,43,49,26,15,88,88,88,75,64,66,44,43,82,69,112,104,116,49,158,174,137,-93,30,30,33,41,34,35,198,198,326,321,308,234,228,175,178,178,169,116,217,110,129,150,202,189,209,149,221,180,189,152,174,163,161,174,169,136,193,193,268,268,281,281,281,281,281,281,281,281,281,281,420,412,386,281,281,0,281,281,281,281,281,281,281,281,281,281,847,826,676,617,597,584,576,542,935,903,7026,6041,2527,1351,29973,29974,29980,29980,29980,29981,29982,29983,29983,29984,29986,29987,29989,29990]} 1. Nf3 d5 2. d4 Nf6 3. e3 c5 4. dxc5 e6 5. b4 a5 6. c3 {D04: Colle System.} axb4 7. cxb4 b6 $1 8. Bb5+ {The position is equal.} Bd7 9. Bxd7+ Qxd7 (9... Nbxd7 {with more complications.} 10. a4 Qc7 11. Bb2 bxc5 12. b5 e5) 10. a4 {[#]} bxc5 $146 ({Predecessor:} 10... Na6 11. Ba3 bxc5 12. b5 Nb4 13. O-O Bd6 14. Bxb4 cxb4 15. Nd4 O-O 16. Nd2 Rfe8 {1-0 (28) Nielsen,K (2097)-Jacobsen,M (2188) Copenhagen 2016}) 11. b5 $36 {[%mdl 2048] White has good play.} Bd6 12. Bb2 O-O 13. Nbd2 c4 14. Qc2 Qc7 15. O-O Nbd7 {[%cal Bb8d7,Bd7c5,Bc5d3][%mdl 32]} 16. Bc3 Nc5 17. a5 Nfe4 (17... Rfb8 $11) 18. b6 Qb7 19. Bd4 Nxd2 20. Nxd2 Nd3 21. Rfb1 Ra6 22. Rb5 Rc8 23. Rab1 h6 24. g3 (24. Nf3 $16) 24... Be7 (24... e5 $14 25. Bc3 e4) 25. e4 $16 e5 26. Bc3 $2 (26. Be3 $16 {keeps the pressure on.} d4 27. Nxc4) 26... Bc5 (26... dxe4 27. Nxe4 $1 {[%mdl 512]} Kh7 28. Rxe5 $16) (26... d4 $17 27. Ba1 Nb4 $1 {[%mdl 512]} 28. R5xb4 Bxb4 29. Rxb4 Rxa5 30. Bxd4 exd4 31. Nxc4 Qe7) 27. Rxc5 $11 Nxc5 28. exd5 Qxd5 29. Qf5 Rd8 $2 ({Black should play} 29... Re8 $14) 30. Rb5 $1 $18 f6 {[#]} (30... Qd6 {might work better.} 31. Qg4 (31. Qxe5 Qxe5 32. Bxe5 Nb7 $14) 31... Nd3 32. Qxc4 (32. Nxc4 Qf6 $17) 32... Qf6) 31. b7 $1 {[%mdl 512]} Qd6 (31... Nxb7 32. Rxd5) 32. Qc8 ({Stronger than} 32. Nxc4 Qd1+ 33. Kg2 Nxb7 $1 $17 {[%mdl 512]}) 32... Nxb7 33. Qxb7 Qc6 34. Qxc6 Rxc6 35. Rb6 (35. Ne4 $18) 35... Rc7 (35... Rcd6 $16) 36. a6 (36. Kg2 $18) 36... Ra8 {[#]} 37. Ne4 $1 Rca7 (37... f5 $16) 38. Nc5 Rc8 39. Rb5 h5 (39... Rac7 $16) 40. h4 Kh7 41. Kg2 Kg6 42. Kf3 Kf5 43. Ke3 Rc6 44. Bb4 c3 (44... Rd6 $16 45. f3 Rc6) 45. Bxc3 Kg6 (45... g5 $142 46. Ba5 gxh4) 46. Bb4 Raxa6 47. Nxa6 Rxa6 {[%mdl 4096] Endgame KRB-KR} 48. Rb7 Ra8 49. Ke4 Rd8 50. Bc5 Ra8 51. Kd5 Ra5 (51... Rc8 {was called for.} 52. Ra7 Rb8) 52. Ra7 Rb5 53. Kc6 Rb2 54. Kd5 Rb5 $1 55. Kc4 Rb8 56. Rc7 Ra8 57. Kd5 Ra2 58. Ke6 Ra6+ 59. Ke7 Kf5 $2 (59... Ra8 60. Ra7 Rh8) 60. Kf7 g5 61. Be3 gxh4 62. gxh4 Kg4 63. Rc4+ Kf3 64. Kg6 e4 65. Kxh5 f5 66. Kg5 Ra5 67. Bf4 {White mates.} Kxf2 68. Rc2+ Kf3 69. Rc3+ Ke2 70. h5 Ra1 71. h6 Rh1 72. Kxf5 Kf2 73. Kxe4 {Accuracy: White = 73%, Black = 52%.} 1-0